000 01081nam a22003377a 4500
003 CHAP
005 20220329133359.0
008 971013s1989 r 00010 d
010 _a5718
011 _a6690
035 _a5912
040 _cCHAP
082 _a635.9
_bM32
100 0 0 _aMacKenzie, David S.
_969443
245 _aComplete manual of perennial ground covers
260 _aEnglewood Cliffs, N.J. :
_bPrentice-Hall,
_c1989
300 _a339 p.
_b: ilus.
500 _a59-108
590 _aBATCH-UPD
_b10
_c20130110
_lUCH01
_h0116
590 _aBATCH-UPD
_b10
_c20130110
_lUCH01
_h1224
590 _aBATCH-UPD
_b10
_c20130409
_lUCH01
_h2109
590 _aBATCH-UPD
_b10
_c20130410
_lUCH01
_h0757
590 _aBATCH-UPD
_b10
_c20130914
_lUCH01
_h1133
590 _aCONVERSION
_b10
_c20130109
_lUCH01
_h1304
650 1 4 _aCultivos de cobertura.
_930371
650 1 4 _aJardinería.
_961143
650 1 4 _aPlantas ornamentales
_xIdentificación.
_989068
901 _aBK
942 _cLIBRO
949 _a635.9 M32
_bBC
_cLIBRO
_d33724000090718
_eLIBRO
_gI.163984
_h81760
_i5912
_si
_t225.00
999 _c5718
_d5718